| 000 | 00807cab a2200253 4500 | ||
|---|---|---|---|
| 001 | X3536 | ||
| 008 | 090401t1996 xxu||||| |||| 00| 0 eng d | ||
| 035 | _a(Sirsi) u31042 | ||
| 041 | _aeng | ||
| 100 | _aRatcliffe, J. | ||
| 245 | _aLand use in China | ||
| 260 | _c1996 | ||
| 350 | _a0 | ||
| 490 |
_aCSM (Chartered Surveyor Monthly) _v5(8) May 1996, 24-25(2) |
||
| 520 | _aExplains how land is `managed` and owned in China and the problems of there not being a uniform system of land administration and the relatively new concept of land and property valuation in the republic. | ||
| 650 | _aCHINA | ||
| 650 | _aLAND ADMINSTRATION | ||
| 650 |
_aValuation _96273 |
||
| 690 | _aOVERSEAS-REST OF THE WORLD | ||
| 700 | _aLouhui, L. | ||
| 700 | _aYanjing, Z. | ||
| 942 | _n0 | ||
| 948 | _c04/03/1997 | ||
| 999 |
_c20869 _d20869 |
||